header

Volcanoes. (Record no. 250887)

MARC details
000 -LEADER
fixed length control field 01417cam a2200337 a 4500
001 - CONTROL NUMBER
control field 13483513
003 - CONTROL NUMBER IDENTIFIER
control field OSt
005 - DATE AND TIME OF LATEST TRANSACTION
control field 20151022111110.0
008 - FIXED-LENGTH DATA ELEMENTS--GENERAL INFORMATION
fixed length control field 040206s2004 enkab b 001 0 eng
010 ## - LIBRARY OF CONGRESS CONTROL NUMBER
LC control number 2004268873
020 ## - INTERNATIONAL STANDARD BOOK NUMBER
International Standard Book Number 0199254699
040 ## - CATALOGING SOURCE
Original cataloging agency DLC
Transcribing agency DLC
Modifying agency DLC
-- WaU
-- DLC
050 00 - LIBRARY OF CONGRESS CALL NUMBER
Classification number QE522
Item number .F73 2004
082 00 - DEWEY DECIMAL CLASSIFICATION NUMBER
Classification number 551.21
Edition number 22
100 1# - MAIN ENTRY--PERSONAL NAME
Personal name Francis, Peter,
Dates associated with a name 1944-1999.
245 10 - TITLE STATEMENT
Title Volcanoes.
Statement of responsibility, etc Peter Francis, Clive Oppenheimer.
250 ## - EDITION STATEMENT
Edition statement 2nd ed.
260 ## - PUBLICATION, DISTRIBUTION, ETC. (IMPRINT)
Place of publication, distribution, etc Oxford ;
-- New York :
Name of publisher, distributor, etc Oxford University Press,
Date of publication, distribution, etc c2004.
300 ## - PHYSICAL DESCRIPTION
Extent x, 521 p. :
Other physical details ill., maps ;
Dimensions 25 cm.
500 ## - GENERAL NOTE
General note Rev. ed. of: Volcanoes : a planetary perspective / Peter Francis. c1993.
504 ## - BIBLIOGRAPHY, ETC. NOTE
Bibliography, etc Includes bibliographical references and index.
650 #0 - SUBJECT ADDED ENTRY--TOPICAL TERM
Topical term or geographic name as entry element Volcanoes.
Topical term or geographic name as entry element Planetary volcanoes.
700 1# - ADDED ENTRY--PERSONAL NAME
Personal name Oppenheimer, Clive.
856 42 - ELECTRONIC LOCATION AND ACCESS
Materials specified Publisher description
Uniform Resource Identifier <a href="http://www.loc.gov/catdir/enhancements/fy0620/2004268873-d.html">http://www.loc.gov/catdir/enhancements/fy0620/2004268873-d.html</a>
Materials specified Table of contents only
Uniform Resource Identifier <a href="http://www.loc.gov/catdir/enhancements/fy0620/2004268873-t.html">http://www.loc.gov/catdir/enhancements/fy0620/2004268873-t.html</a>
Materials specified Contributor biographical information
Uniform Resource Identifier <a href="http://www.loc.gov/catdir/enhancements/fy0725/2004268873-b.html">http://www.loc.gov/catdir/enhancements/fy0725/2004268873-b.html</a>
906 ## - LOCAL DATA ELEMENT F, LDF (RLIN)
a 7
b cbc
c origcop
d 2
e ncip
f 20
g y-gencatlg
942 ## - ADDED ENTRY ELEMENTS (KOHA)
Source of classification or shelving scheme Library of Congress Classification
Koha item type Long Loan Books
Holdings
Withdrawn status Lost status Source of classification or shelving scheme Damaged status Not for loan Collection code Home library Current library Shelving location Date acquired Total Checkouts Full call number Barcode Date last seen Date checked out Price effective from Koha item type
    Library of Congress Classification     Non-fiction Rongo University Library Rongo University Library General Stacks 22/10/2015 1 QE522 .F73 2004 20091006 16/10/2017 02/10/2017 22/10/2015 Long Loan Books

© 2026 Rongo University
Contact us: librarian | system librarian | Rongo university